000 00781nam a2200265Ia 4500
003 OSt
005 20221007122729.0
006 a|||||r|||| 00| 0
007 ta
008 221006b |||||||| |||| 00| 0 eng d
020 _a354007970X (hbk)
024 _a161861
037 _b921, 22/11/2011, Total Books India
_cTextual
040 _aPAPL
_cPAPL
_beng
041 _2eng
_aeng
082 _aCN, L7-;1 Carpa
100 _aRindler W
245 0 _aEssential relativity : Special general and cosmoloigcal
250 _a2
260 _aBerlin
_bSpringer Verlag
_c1977
300 _axiv; 284p.
_ccm.
500 _aIndex 277-284p.
942 _hCN, L7-;1 Carpa
_cTEXL
_2CC
999 _c1210840
_d1210840